[Event "ch-CHI FENACH"]
[Site "Santiago CHI"]
[Date "2007.02.07"]
[Round "3"]
[White "Calvo,P"]
[Black "Lopez Silva,H"]
[Result "1/2-1/2"]
[WhiteElo "2254"]
[BlackElo "2410"]

1.e4 e5 2.Nf3 Nc6 3.Bb5 a6 4.Ba4 Nf6 5.O-O b5 6.Bb3 Be7 7.Re1 d6 8.c3 O-O
9.h3 Bb7 10.d3 Na5 11.Bc2 c5 12.Nbd2 Re8 13.Nf1 Bf8 14.Bg5 Be7 15.Ne3 d5
16.Nf5 dxe4 17.Nxe7+ Qxe7 18.dxe4 h6 19.Bh4 Nc4 20.b3 Na3 21.Bd3 Rad8 22.Qe2 c4
23.bxc4 bxc4 24.Bxc4 g5 25.Bg3 Qc5 26.Bb3 Nxe4 27.Bh2 Nb5 28.Qe3 Nbxc3 29.Qxc5 Nxc5
30.Bxe5 Nxb3 31.axb3 Nd5 32.Rad1 Re6 33.Nd4 Ree8 34.Nf5 Kh7 35.f3 Kg6 36.g4 Re6
37.Kf2 Rd7 38.Bg3 h5 39.Rxe6+ fxe6 40.Ne3 h4 41.Be5 Rf7 42.Nc4 Nb4 43.f4 gxf4
44.Bd6 Nc6 45.Re1 Rf6 46.Re4 f3 47.Re3 Kg5 48.Ne5 Nxe5 49.Rxe5+ Kg6 50.Be7 Rf4
51.Rxe6+ Kf7 52.Rb6 Bd5 53.Bxh4 a5  1/2-1/2

[Event "JAPFA Match"]
[Site "Jakarta INA"]
[Date "2007.02.08"]
[Round "2"]
[White "Megaranto,S"]
[Black "Zhang Zhong"]
[Result "1/2-1/2"]
[WhiteElo "2517"]
[BlackElo "2618"]

1.e4 e5 2.Nf3 Nc6 3.Bb5 a6 4.Ba4 Nf6 5.O-O Be7 6.Re1 b5 7.Bb3 d6 8.c3 O-O
9.h3 Bb7 10.d4 Re8 11.Ng5 Rf8 12.Nf3 Re8 13.Nbd2 Bf8 14.d5 Nb8 15.Nf1 Nbd7
16.N3h2 h6 17.Ng4 Nxg4 18.Qxg4 g6 19.Ng3 Bg7 20.Be3 Nc5 21.Bc2 c6 22.dxc6 Bxc6
23.Rad1 Qf6 24.Rd2 h5 25.Qg5 Qe6 26.b4 Bf6 27.Qh6 Bg7 28.Qg5 Bf6 29.Qh6 Bg7
30.Qg5 Bf6 31.Qh6  1/2-1/2

[Event "Aeroflot Open"]
[Site "Moscow RUS"]
[Date "2007.02.14"]
[Round "1"]
[White "Gashimov,V"]
[Black "Ivanov,AV USA"]
[Result "1-0"]
[WhiteElo "2658"]
[BlackElo "2577"]

1.e4 e5 2.Nf3 Nc6 3.Bb5 a6 4.Ba4 Nf6 5.O-O Be7 6.Re1 b5 7.Bb3 d6 8.c3 O-O
9.h3 Bb7 10.d4 Re8 11.Nbd2 Bf8 12.a4 exd4 13.cxd4 Qd7 14.Ng5 Nd8 15.e5 Nd5
16.Qc2 g6 17.axb5 axb5 18.Rxa8 Bxa8 19.Ndf3 Bg7 20.Qe4 dxe5 21.Nxe5 Qd6 22.Qh4 h6
23.Ngf3 Nc6 24.Bxh6 Nxd4 25.Qxd4 Bxh6 26.Rd1 c6 27.Nxc6 Bxc6 28.Bxd5 Qxd5
29.Qxd5 Bxd5 30.Rxd5 b4 31.Rb5 Bf8 32.Kf1 Rc8 33.Ne1 Kg7 34.Ke2 Rc1 35.Nd3 Rb1
36.Ke3 Bd6 37.h4 Kf8 38.g3 Kg7 39.Rb7 Kg8 40.Kd4 Bf8 41.Kc4 Rf1 42.Rb8 Kg7
43.Re8 Rd1 44.Re2 Ra1 45.Kb3 Ra7 46.Rc2 Rb7 47.Ne5 Re7 48.Nd3 Re4 49.Rc6 Re2
50.Kc4 Be7 51.Rb6 Rc2+ 52.Kd5 Rd2 53.Ke4 Re2+ 54.Kf3 Rd2 55.Ke3 Rc2 56.Rb7 Kf8
57.Rb5 Kg7 58.Rb8 Bd6 59.Rb7 Kf8 60.g4 Rc4 61.f4 Rc2 62.h5 gxh5 63.gxh5 Rh2
64.Rb5 Kg7 65.b3 Be7 66.Nf2 Bh4 67.Ng4 Rg2 68.Ne5 Rg3+ 69.Nf3 Be7 70.Ke4 Rh3
71.Nd4 Bf8 72.Nf5+ Kg8 73.Ne3 Kh7 74.Rg5 Bg7 75.Rf5 Kg8 76.Rb5 Bf8 77.Ng4 f5+
78.Rxf5 Rxb3 79.Rg5+ Kh8 80.Rb5 Rg3 81.Kf5 b3 82.Rb8 Kg8 83.Nf6+ Kf7 84.Rb7+ Be7
85.Nd5  1-0

[Event "ch-St Petersburg sf"]
[Site "St Petersburg RUS"]
[Date "2007.02.16"]
[Round "7"]
[White "Bazeev,G"]
[Black "Kryschilovskij,A"]
[Result "1-0"]
[WhiteElo "2153"]
[BlackElo "2339"]

1.e4 e5 2.Nf3 Nc6 3.Bb5 a6 4.Ba4 Nf6 5.O-O Be7 6.Re1 b5 7.Bb3 d6 8.c3 O-O
9.h3 Bb7 10.d4 Re8 11.Nbd2 Bf8 12.Bc2 Nb8 13.a4 Nbd7 14.Bd3 c6 15.Qc2 g6
16.b3 Nh5 17.Bb2 Nf4 18.Bf1 Bg7 19.dxe5 dxe5 20.c4 b4 21.c5 Qe7 22.Rac1 Rad8
23.Red1 Bc8 24.Nc4 Qf6 25.Nd6 Nf8 26.Bc4 Nxh3+ 27.Kf1 Bg4 28.Nxf7 Rxd1+ 29.Rxd1 Ne6
30.N3xe5 Bh5 31.Rd6 Nhf4 32.g3 Nh3 33.Bxe6 Rxe6 34.Qc4 Bf3 35.Rd8+ Bf8 36.Rxf8+  1-0

[Event "Aeroflot Open"]
[Site "Moscow RUS"]
[Date "2007.02.18"]
[Round "5"]
[White "Volokitin,And"]
[Black "Azarov,S"]
[Result "1/2-1/2"]
[WhiteElo "2645"]
[BlackElo "2583"]

1.e4 e5 2.Nf3 Nc6 3.Bb5 a6 4.Ba4 Nf6 5.O-O Be7 6.Re1 b5 7.Bb3 d6 8.c3 O-O
9.h3 Bb7 10.d4 Re8 11.Nbd2 Bf8 12.a4 h6 13.Bc2 exd4 14.cxd4 Nb4 15.Bb1 c5
16.d5 Nd7 17.Ra3 c4 18.axb5 axb5 19.Nd4 Qb6 20.Nf5 g6 21.Nf1 Rxa3 22.bxa3 Nxd5
23.exd5 Rxe1 24.Qxe1 gxf5 25.Bxf5 Ne5 26.Qc3 Bg7 27.Qg3 Kf8 28.Qh4 Bxd5 29.Ng3 Nc6
30.Bxh6 Qd4 31.Bxg7+ Qxg7 32.Bd7 f6 33.Bxc6 Bxc6 34.Qd4 Qe7 35.f4 Qe1+ 36.Kh2 Qe6
37.Kg1 Qe1+ 38.Kh2 Qe6 39.Kg1  1/2-1/2

[Event "Aeroflot Open"]
[Site "Moscow RUS"]
[Date "2007.02.19"]
[Round "6"]
[White "Luther,T"]
[Black "Smirin,I"]
[Result "1/2-1/2"]
[WhiteElo "2580"]
[BlackElo "2654"]

1.e4 e5 2.Nf3 Nc6 3.Bb5 a6 4.Ba4 Nf6 5.O-O Be7 6.Re1 b5 7.Bb3 d6 8.c3 O-O
9.h3 Bb7 10.d4 Re8 11.Nbd2 Bf8 12.Bc2 g6 13.d5 Nb8 14.b3 c6 15.c4 Nbd7 16.Nf1 Qc7
17.Ng3 bxc4 18.bxc4 Rec8 19.Bd3 Nc5 20.Bf1 a5 21.Bg5 Bg7 22.Qd2 Ba6 23.Rac1 Qd7
24.Bh6 Bh8 25.Ng5 a4 26.Rc3 Re8 27.Nf3 Rab8 28.Nh2 cxd5 29.cxd5 Bxf1 30.Nhxf1 Rb4
31.Qc2 Reb8 32.Bc1 h5 33.Nd2 Bg7 34.Ba3 R4b5 35.Bxc5 Rb2 36.Rb1 Rxb1+ 37.Nxb1 dxc5
38.Rxc5 Rb4 39.Rc4 Qb7 40.Rxb4 Qxb4 41.Nd2 Bf8 42.Nf3 a3 43.Qc7 Bd6 44.Qd8+ Kg7
45.Nh4 Qe1+ 46.Kh2 Qxf2 47.Nhf5+ gxf5 48.Nxh5+  1/2-1/2

[Event "Bundesliga 2006-7"]
[Site "Muelheim Nord GER"]
[Date "2007.02.24"]
[Round "10"]
[White "Erenburg,S"]
[Black "Stocek,J"]
[Result "1/2-1/2"]
[WhiteElo "2574"]
[BlackElo "2566"]

1.e4 e5 2.Nf3 Nc6 3.Bb5 a6 4.Ba4 Nf6 5.O-O Be7 6.Re1 b5 7.Bb3 d6 8.c3 O-O
9.h3 Bb7 10.d4 Re8 11.Ng5 Rf8 12.Nf3 Re8 13.Nbd2 Bf8 14.a3 h6 15.Ba2 Qd7
16.d5 Ne7 17.c4 c6 18.b3 Ng6 19.Nf1 a5 20.Ng3 Nf4 21.Nh2 g6 22.Qf3 Bg7 23.Bxf4 exf4
24.Qxf4 cxd5 25.cxd5 Rac8 26.Rac1 Qe7 27.Nf3 Rxc1 28.Qxc1 Nd7 29.Bb1 b4 30.axb4 axb4
31.Bd3 Rc8 32.Qb1 h5 33.Ne2 Nc5 34.Ned4 Bxd4 35.Nxd4 Nxd3 36.Qxd3 Bxd5 37.Qd2 Re8
38.Re3 Be6 39.Qxb4 Qc7 40.Qd2 Bd7 41.Ne2 Ra8 42.Rc3 Qa5 43.Qxd6 Bb5 44.b4 Qa2
45.Nc1 Qb2 46.Qd4 Be8 47.Nb3 Rb8 48.Qd6 Qxc3 49.Qxb8 Qe1+ 50.Kh2 Qxe4 51.Nc5 Qe7
52.f4 Kg7 53.Qe5+ Qxe5 54.fxe5 Bc6 55.h4 Kf8 56.Nb3 Ke7 57.Nd4 Bd5 58.b5 Kd7
59.Kg3 Kc7 60.Kf2 Kb6 61.g3 Kc5 62.Ke3 Bc4 63.Ke4 Bd5+ 64.Ke3 Bc4 65.Nf3 Bxb5
66.Ng5 Bc4 67.Kf4 Kd4 68.Nh7 Kd5 69.Nf8 Bb5 70.e6 fxe6 71.Nxg6 Be2 72.Kg5 e5
73.Kf6 Ke4 74.Nxe5 Bd1 75.Ke6 Bb3+ 76.Kf6 Bd1 77.Nc4 Kf3 78.Kg5 Kxg3 79.Ne3 Bf3
80.Nf5+ Kf2 81.Ng7 Ke3 82.Nxh5 Ke4 83.Nf6+ Ke5 84.Nd7+ Ke6 85.Nc5+ Kf7 86.Nd3 Kg7
87.Ne5 Bd1 88.Ng4 Bxg4  1/2-1/2

[Event "Jose Marca Castaneda mem Open"]
[Site "Lima PER"]
[Date "2007.03.25"]
[Round "7"]
[White "Barahona,C"]
[Black "Ramos,Er"]
[Result "1-0"]
[WhiteElo "2097"]
[BlackElo "2278"]

1.e4 e5 2.Nf3 Nc6 3.Bb5 a6 4.Ba4 Nf6 5.O-O Be7 6.Re1 b5 7.Bb3 O-O 8.c3 d6
9.h3 Bb7 10.d4 Nd7 11.a4 Bf6 12.Na3 bxa4 13.Bxa4 Nb6 14.Bc2 Re8 15.d5 Ne7
16.Be3 Ng6 17.Qd2 Bc8 18.Bd3 Kh8 19.Nc2 Bb7 20.Ra5 Nxd5 21.exd5 e4 22.Ng5 Bxg5
23.Bxg5 f6 24.Bxe4 Ne5 25.Be3 Nc4 26.Qd3 Nxa5 27.b4 Nb3 28.Rb1 Qe7 29.Bf3 a5
30.Rxb3 axb4 31.Nxb4 Ra1+ 32.Rb1 Rxb1+ 33.Qxb1 Qe5 34.Nd3 Qxc3 35.Qxb7 Qxd3
36.Qxc7 Qb1+ 37.Kh2 Qb8 38.Bb6 Qc8 39.Qxd6 Qf5 40.Be3 h5 41.Qf4  1-0

[Event "Vladimir Zak mem"]
[Site "St Petersburg RUS"]
[Date "2007.04.01"]
[Round "9"]
[White "Bronnikova,E"]
[Black "Kryschilovskij,A"]
[Result "1/2-1/2"]
[WhiteElo "2287"]
[BlackElo "2339"]

1.e4 e5 2.Nf3 Nc6 3.Bb5 a6 4.Ba4 Nf6 5.O-O Be7 6.Re1 b5 7.Bb3 d6 8.c3 O-O
9.h3 Bb7 10.d4 Re8 11.Nbd2 Bf8 12.d5 Nb8 13.Nf1 Nbd7 14.a4 Nc5 15.Bg5 h6
16.Bxf6 Qxf6 17.Bc2 c6  1/2-1/2

[Event "8th ch-Euro"]
[Site "Dresden GER"]
[Date "2007.04.03"]
[Round "1"]
[White "Gashimov,V"]
[Black "Handke,F"]
[Result "0-1"]
[WhiteElo "2658"]
[BlackElo "2459"]

1.e4 e5 2.Nf3 Nc6 3.Bb5 a6 4.Ba4 Nf6 5.O-O Be7 6.Re1 b5 7.Bb3 d6 8.c3 O-O
9.h3 Bb7 10.d4 Re8 11.Nbd2 Bf8 12.a4 h6 13.Bc2 exd4 14.cxd4 Nb4 15.Bb1 c5
16.d5 Nd7 17.Ra3 c4 18.axb5 axb5 19.Nd4 Rxa3 20.bxa3 Nd3 21.Bxd3 cxd3 22.Re3 Nc5
23.N4b3 f5 24.Qh5 Bxd5 25.exd5 Nxb3 26.Nxb3 Re5 27.Rf3 Qc7 28.Rxf5 Rxf5 29.Qd1 Qc3
30.Nd2 Qe5 31.Nf1 Qe2 32.Ne3 Be7 33.f3 Bf6 34.g3 Bb2 35.Bd2 Bd4 36.Qxe2 dxe2
37.Kf2 Ba7 38.Bb4 Kh7 39.g4 Bxe3+ 40.Ke1 Bd2+ 41.Bxd2 Kg6 42.h4 h5 43.gxf5+  0-1

[Event "18th Pobeskydi Radegast"]
[Site "Frydek Mistek CZE"]
[Date "2007.04.05"]
[Round "2"]
[White "Krzyzanowski,M"]
[Black "Matras,A"]
[Result "1/2-1/2"]
[WhiteElo "2229"]
[BlackElo "2228"]

1.e4 e5 2.Nf3 Nc6 3.Bb5 a6 4.Ba4 Nf6 5.O-O Be7 6.Re1 b5 7.Bb3 d6 8.c3 O-O
9.h3 Bb7 10.d4 Re8 11.Nbd2 Bf8 12.d5 Nb8 13.Nf1 Nbd7 14.N3h2 c6 15.dxc6 Bxc6
16.Bg5 h6 17.Bxf6 Nxf6 18.Ng4 a5 19.a3 Nxg4 20.hxg4 Qc7 21.Qf3 Qb7 22.Rad1 Rad8
23.Bd5 b4 24.axb4 Bxd5 25.Rxd5 axb4 26.Ne3 bxc3 27.bxc3 Rc8 28.Rd3 Rc6 29.Nd5 Be7
30.Red1 Rec8 31.Nb4  1/2-1/2

[Event "30th Open"]
[Site "San Sebastian ESP"]
[Date "2007.04.07"]
[Round "8"]
[White "Huerga Leache,M"]
[Black "Fernandez Garcia,JoseL"]
[Result "1-0"]
[WhiteElo "2344"]
[BlackElo "2467"]

1.e4 e5 2.Nf3 Nc6 3.Bb5 a6 4.Ba4 Nf6 5.O-O Be7 6.Re1 b5 7.Bb3 d6 8.c3 O-O
9.h3 Bb7 10.d4 Nd7 11.Nbd2 Bf6 12.Nf1 Re8 13.N1h2 exd4 14.cxd4 Na5 15.Bc2 c5
16.Qd3 Bxd4 17.Nxd4 cxd4 18.Bf4 Qf6 19.e5 Qxf4 20.Qxh7+ Kf8 21.Qh8+  1-0

[Event "8th ch-Euro"]
[Site "Dresden GER"]
[Date "2007.04.09"]
[Round "7"]
[White "Khairullin,I"]
[Black "Wells,P"]
[Result "1-0"]
[WhiteElo "2586"]
[BlackElo "2499"]

1.e4 e5 2.Nf3 Nc6 3.Bb5 a6 4.Ba4 Nf6 5.O-O Be7 6.Re1 b5 7.Bb3 d6 8.c3 O-O
9.h3 Bb7 10.d4 Re8 11.Nbd2 Bf8 12.d5 Nb8 13.Nf1 Nbd7 14.N3h2 Nc5 15.Bc2 c6
16.b4 Ncd7 17.dxc6 Bxc6 18.Bg5 Qc8 19.Ng3 h6 20.Bxf6 Nxf6 21.Bb3 Bd7 22.Re3 a5
23.bxa5 Be6 24.Rf3 Nh7 25.Ng4 Rxa5 26.Rd3 g6 27.Ne3 Nf6 28.Rb1 Qc5 29.Qf3 Bg7
30.Rbd1 Ra6 31.Nc2 Bc4 32.Nb4 Rb6 33.Bxc4 bxc4 34.R3d2 Ra8 35.Nf1 Ra3 36.Rc2 h5
37.Ne3 Rb7 38.Ned5 Nh7 39.Qe3 Qb5 40.Rb2 Qd7 41.Qe2 Qb5 42.Rdb1 Qc5 43.Nc2 Rxb2
44.Rxb2 Ra8 45.Nb6 Rd8 46.Ne3 Nf6 47.Ned5 Nxd5 48.Nxd5 Ra8 49.Rb4 Kh7 50.g4 Qa5
51.Qxc4 Qa6 52.Qb5  1-0

[Event "8th ch-Euro"]
[Site "Dresden GER"]
[Date "2007.04.12"]
[Round "9"]
[White "Smeets,J"]
[Black "Donchenko,A"]
[Result "1/2-1/2"]
[WhiteElo "2552"]
[BlackElo "2374"]

1.e4 e5 2.Nf3 Nc6 3.Bb5 a6 4.Ba4 Nf6 5.O-O Be7 6.Re1 b5 7.Bb3 O-O 8.c3 d6
9.h3 Bb7 10.d4 Re8 11.Nbd2 Bf8 12.Bc2 Nb8 13.a4 Nbd7 14.Bd3 c6 15.b4 Nb6
16.a5 Nbd7 17.Bb2 Qc7 18.Rc1 Rad8 19.c4 Qb8 20.Qb3 h6 21.Bb1 exd4 22.cxb5 cxb5
23.Ba2 d5 24.Bxd4 Bd6 25.Nh4 Bh2+ 26.Kh1 Bf4 27.Nhf3 Re6 28.exd5 Bxd5  1/2-1/2

[Event "2nd Open"]
[Site "d'Angers FRA"]
[Date "2007.04.15"]
[Round "5"]
[White "Pham Minh Hoang"]
[Black "Kozakov,M"]
[Result "1-0"]
[WhiteElo "2476"]
[BlackElo "2415"]

1.e4 e5 2.Nf3 Nc6 3.Bb5 a6 4.Ba4 Nf6 5.O-O Be7 6.Re1 b5 7.Bb3 O-O 8.c3 d6
9.h3 Bb7 10.d4 Qd7 11.a4 exd4 12.cxd4 Nb4 13.d5 c5 14.dxc6 Bxc6 15.Nc3 bxa4
16.Bxa4 Bxa4 17.Rxa4 a5 18.Nd4 Rfe8 19.Bg5 h6 20.Bh4 g6 21.Ndb5 Red8 22.Qf3 Nh7
23.Bg3 Bf8 24.Rd1 Qc6 25.h4 h5 26.Raa1 Qb6 27.Rd2 Rac8 28.Rad1 Rc6 29.e5 d5
30.Nd6 Bxd6 31.exd6 Nf8 32.Rd4 Rc4 33.Nxd5  1-0

[Event "Reykjavik International"]
[Site "Reykjavik ISL"]
[Date "2007.04.16"]
[Round "6"]
[White "Petursson,G"]
[Black "Bjornsson,T"]
[Result "1/2-1/2"]
[WhiteElo "2065"]
[BlackElo "2204"]

1.e4 e5 2.Nf3 Nc6 3.Bb5 a6 4.Ba4 Nf6 5.O-O Be7 6.Re1 b5 7.Bb3 O-O 8.h3 d6
9.c3 Bb7 10.d4 exd4 11.cxd4 d5 12.e5 Ne4 13.Nbd2 Nxd2 14.Bxd2  1/2-1/2

[Event "Open"]
[Site "Metz FRA"]
[Date "2007.04.21"]
[Round "8"]
[White "Marholev,D"]
[Black "Daurelle,H"]
[Result "1-0"]
[WhiteElo "2375"]
[BlackElo "2209"]

1.e4 e5 2.Nf3 Nc6 3.Bb5 a6 4.Ba4 Nf6 5.O-O Be7 6.Re1 b5 7.Bb3 d6 8.c3 O-O
9.h3 Bb7 10.d4 Re8 11.Nbd2 Bf8 12.Bc2 g6 13.d5 Nb8 14.c4 c6 15.b3 a5 16.dxc6 Bxc6
17.cxb5 Bxb5 18.a4 Bc6 19.Nc4 Na6 20.Ba3 Nb4 21.Bxb4 axb4 22.Qd2 Nxe4 23.Rxe4 d5
24.Nfxe5 Qf6 25.Rf4 Qh8 26.Rf1 dxc4 27.Nxc6 Bh6 28.Qd4 Bxf4 29.Qxf4 Qc3 30.Qxc4 Qxc4
31.bxc4 Rac8 32.Nxb4 Rxc4 33.Nd5 Rxc2 34.Nf6+ Kf8 35.Nxe8 Kxe8 36.Ra1 Kd7
37.a5 Kc7 38.a6 Kb8 39.Rb1+ Kc8 40.a7  1-0

[Event "President's Cup Rapid"]
[Site "Ankara TUR"]
[Date "2007.04.28"]
[Round "5"]
[White "Erturan,Y"]
[Black "Olcayoz,A"]
[Result "1-0"]
[WhiteElo "2383"]
[BlackElo "2315"]

1.e4 e5 2.Nf3 Nc6 3.Bb5 a6 4.Ba4 Nf6 5.O-O Be7 6.Re1 b5 7.Bb3 O-O 8.h3 d6
9.c3 Bb7 10.d3 h6 11.Nbd2 Re8 12.Nf1 Bf8 13.N3h2 Na5 14.Bc2 c5 15.Ng4 Bc8
16.Nfe3 Nc6 17.Bb3 Be6 18.Bd5 Rc8 19.Qf3 Nxg4 20.hxg4 Bxd5 21.Nxd5 Ne7 22.Ne3 g6
23.g5 h5 24.g4 h4 25.Qh3 d5 26.Qxh4 dxe4 27.dxe4 Qd3 28.Nf1 Nc6 29.Bd2 Nd8
30.Rac1 Ne6 31.Re3 Qd7 32.Rh3 Bg7 33.Re1 Nf4 34.Rf3 Nd3 35.Rb1 Qc6 36.Ng3 Nf4
37.Bxf4 exf4 38.Rxf4 Rcd8 39.Kg2 Rd2 40.Rf3 b4 41.a3 a5 42.axb4 cxb4 43.cxb4 axb4
44.b3 Qc2 45.Rh1 Rd3 46.Rf6 Rxg3+ 47.Qxg3 Qxe4+ 48.Rf3 Rc8 49.Qf4 Qd5 50.Rd1 Qb7
51.Re1 Qd5 52.Re7 Rf8 53.Qxb4 Qxg5 54.Qe4 Bf6 55.Rd7 Kg7 56.Rd5 Qh4 57.Rh3 Re8
58.Qf3  1-0

[Event "FSIM May"]
[Site "Budapest HUN"]
[Date "2007.05.11"]
[Round "7"]
[White "Farago,S"]
[Black "Werner,Di"]
[Result "1/2-1/2"]
[WhiteElo "2275"]
[BlackElo "2358"]

1.e4 e5 2.Nf3 Nc6 3.Bb5 a6 4.Ba4 Nf6 5.O-O b5 6.Bb3 Be7 7.Re1 O-O 8.c3 d6
9.h3 Bb7 10.d4 Nd7 11.d5 Na5 12.Bc2 c6 13.dxc6 Bxc6 14.b3 Nb6 15.Be3 Qc7
16.Nbd2 Nb7 17.Rc1 Nc5 18.Bb1 a5 19.Nf1 Rfe8 20.Ng3 Bf8 21.Qe2 Rad8 22.Rcd1 d5
23.exd5 Nxd5 24.Qc2 g6 25.Nh5  1/2-1/2

[Event "TCh-RUS HL"]
[Site "Sochi RUS"]
[Date "2007.05.11"]
[Round "9"]
[White "Yuzhakov,O"]
[Black "Buldakov,E"]
[Result "1-0"]
[WhiteElo "2239"]
[BlackElo "2302"]

1.e4 e5 2.Nf3 Nc6 3.Bb5 a6 4.Ba4 Nf6 5.O-O Be7 6.Re1 b5 7.Bb3 d6 8.h3 O-O
9.c3 Bb7 10.d4 Re8 11.Nbd2 Bf8 12.a4 h6 13.Qe2 d5 14.axb5 axb5 15.Rxa8 Bxa8
16.Qxb5 dxe4 17.Nxe5 Nxe5 18.dxe5 Nd7 19.e6 fxe6 20.Nxe4 Bxe4 21.Rxe4 Nc5
22.Rd4 Qa8 23.Bc2 e5 24.Rd1 Bd6 25.b4 Ne6 26.Qd3 Nf8 27.Re1 Qc6 28.Bd2 Ra8
29.Bb3+  1-0

[Event "ch-UZB"]
[Site "Tashkent UZB"]
[Date "2007.05.19"]
[Round "9"]
[White "Dzhumaev,M"]
[Black "Safin,S"]
[Result "1-0"]
[WhiteElo "2505"]
[BlackElo "2490"]

1.e4 e5 2.Nf3 Nc6 3.Bb5 a6 4.Ba4 Nf6 5.O-O Be7 6.Re1 b5 7.Bb3 d6 8.c3 O-O
9.h3 Bb7 10.d4 Re8 11.Nbd2 Bf8 12.Ng5 Re7 13.d5 Nb8 14.Nf1 Nbd7 15.Ng3 Nc5
16.Bc2 a5 17.f4 Ncd7 18.Rf1 Re8 19.a4 b4 20.c4 exf4 21.Bxf4 Ne5 22.b3 g6
23.Ra2 Bg7 24.Bb1 Nfd7 25.Raf2 Rf8 26.h4 h6 27.Nf3 Nxf3+ 28.gxf3 Qxh4 29.Ne2 Qf6
30.Rg2 Ne5 31.Qd2 Bc8 32.Rg3 g5 33.Be3 Ng6 34.f4 gxf4 35.Nxf4 Qe5 36.Qg2 Bd7
37.Qh2 Qb2 38.Qxb2 Bxb2 39.Nxg6 fxg6 40.Rxg6+ Kh8 41.Rxh6+ Kg8 42.e5 Rxf1+
43.Kxf1 Rf8+ 44.Kg2  1-0

[Event "8th United Insurance"]
[Site "Dhaka BAN"]
[Date "2007.05.30"]
[Round "4"]
[White "Abu Sufian,S"]
[Black "Mohammad,J"]
[Result "1-0"]
[WhiteElo "2356"]
[BlackElo "2267"]

1.e4 e5 2.Nf3 Nc6 3.Bb5 a6 4.Ba4 Nf6 5.O-O Be7 6.Re1 b5 7.Bb3 d6 8.c3 O-O
9.h3 Bb7 10.d4 Re8 11.a4 Bf8 12.Nbd2 h6 13.d5 Nb8 14.c4 c6 15.axb5 axb5 16.Rxa8 Bxa8
17.cxb5 cxb5 18.Bc2 Nbd7 19.b4 Nh5 20.g3 Bb7 21.Bd3 Ba6 22.Qe2 Ndf6 23.Kg2 Qd7
24.Nb3 Rc8 25.Bd2 g5 26.Ra1 Bb7 27.Bxb5 Qe7 28.Ra7 Rc7 29.Na5 Bc8 30.Rxc7 Qxc7
31.Bc6 g4 32.hxg4 Bxg4 33.Qe3 Qc8 34.Ng1 Bd1 35.f3 Qd8 36.Qe1 Bc2 37.b5 Bd3
38.Nb7 Qe7 39.b6 Nd7 40.Be3 f5 41.exf5 e4 42.f4 Qg7 43.Nd8 Nxb6 44.Bxb6 Nxf4+
45.Kh2 Nh5 46.Ne6 Qf6 47.Qf2 Ng7 48.Bd4 e3 49.Qxe3 Qxf5 50.Bxg7 Bf1 51.Qf3 Qxf3
52.Nxf3 Bxg7 53.Nxg7 Kxg7 54.Nd2 Bd3 55.Kg2 Kf6 56.Kf3 Ke5 57.Ke3 Bc2 58.Nc4+  1-0

[Event "8th United Insurance"]
[Site "Dhaka BAN"]
[Date "2007.05.31"]
[Round "6"]
[White "Abu Sufian,S"]
[Black "Islam,Kh"]
[Result "1-0"]
[WhiteElo "2356"]
[BlackElo "2315"]

1.e4 e5 2.Nf3 Nc6 3.Bb5 a6 4.Ba4 Nf6 5.O-O Be7 6.Re1 b5 7.Bb3 d6 8.c3 O-O
9.h3 Bb7 10.d4 Nd7 11.Nbd2 Bf6 12.d5 Ne7 13.c4 c6 14.a4 Nc5 15.Bc2 bxa4 16.Nb1 cxd5
17.cxd5 Nb3 18.Bxb3 axb3 19.Qxb3 Bc8 20.Bd2 Ng6 21.Na3 Bd7 22.Nc4 Bb5 23.Ba5 Qb8
24.g3 Qc8 25.Nxd6 Qxh3 26.Nxb5 Rfb8 27.Bc7 Bh4 28.Nd2 Rxb5 29.Qf3 Bg5 30.Nc4 Rc5
31.Nb6 Rxc7 32.Nxa8 Rc2 33.Qf5 Qh5 34.d6 h6 35.Rad1 Rxb2 36.d7  1-0

[Event "35th World Open"]
[Site "King of Prussia USA"]
[Date "2007.06.01"]
[Round "3"]
[White "Yap,N"]
[Black "Stein,Alan"]
[Result "0-1"]
[WhiteElo "2298"]
[BlackElo "2412"]

1.e4 e5 2.Nf3 Nc6 3.Bb5 a6 4.Ba4 Nf6 5.O-O Be7 6.Re1 b5 7.Bb3 d6 8.c3 O-O
9.h3 Bb7 10.d4 Re8 11.Nbd2 Bf8 12.a4 h6 13.d5 Ne7 14.Nf1 Ng6 15.Ng3 c6 16.dxc6 Bxc6
17.Qc2 Qc8 18.Bd2 Qb7 19.axb5 axb5 20.Rad1 Rac8 21.Nh2 Bd7 22.Qd3 Be6 23.Bxe6 fxe6
24.Ng4 Nxg4 25.hxg4 Be7 26.Be3 Nf8 27.Nf1 Red8 28.Ra1 Ra8 29.Nd2 Nh7 30.Red1 Kh8
31.Qc2 Nf6 32.f3 h5 33.gxh5 Nxh5 34.g4 Nf6 35.Kg2 Kg8 36.Qb3 Kf7 37.g5 Nh5
38.g6+ Kf6 39.Rxa8 Rxa8 40.Rh1 Rh8 41.Kf2 Qd7 42.Rg1 Nf4 43.Bxf4 exf4 44.Kf1 d5
45.Rg4 Qa7 46.Rxf4+ Ke5 47.Rg4 Qe3 48.f4+ Kf6 49.Qc2 Rh1+ 50.Kg2 Rg1+ 51.Kh2 Qf2+  0-1

[Event "35th World Open"]
[Site "King of Prussia USA"]
[Date "2007.06.04"]
[Round "9"]
[White "Erenburg,S"]
[Black "Stocek,J"]
[Result "0-1"]
[WhiteElo "2574"]
[BlackElo "2567"]

1.e4 e5 2.Nf3 Nc6 3.Bb5 a6 4.Ba4 Nf6 5.O-O Be7 6.Re1 b5 7.Bb3 d6 8.c3 O-O
9.h3 Bb7 10.d4 Re8 11.Ng5 Rf8 12.Nf3 Re8 13.Nbd2 Bf8 14.a3 h6 15.Bc2 Nb8
16.a4 Nbd7 17.Bd3 c6 18.Qc2 Rc8 19.b3 Nh5 20.Nf1 g6 21.Ne3 Nf4 22.Bf1 h5
23.g3 Ne6 24.Bb2 exd4 25.cxd4 Bg7 26.Qb1 Qb6 27.Rd1 d5 28.e5 b4 29.a5 Qa7
30.Nc2 c5 31.dxc5 Qxc5 32.Rc1 d4 33.Nce1 Qe7 34.Nxd4 Nxe5 35.Rxc8 Rxc8 36.Ra2 Ng5
37.Bg2 Bxg2 38.Kxg2 Qd7 39.h4 Qh3+ 40.Kg1 Ng4 41.Ndf3 Nxf3+ 42.Nxf3 Ne3  0-1

[Event "7th ch-Euro Senior"]
[Site "Hockenheim GER"]
[Date "2007.06.05"]
[Round "4"]
[White "Visser,G"]
[Black "Serra Olives,T"]
[Result "1/2-1/2"]
[WhiteElo "2240"]
[BlackElo "2138"]

1.e4 e5 2.Nf3 Nc6 3.Bb5 a6 4.Ba4 Nf6 5.O-O Be7 6.Re1 b5 7.Bb3 O-O 8.c3 d6
9.h3 Bb7 10.d4 Re8 11.Nbd2 Bf8 12.Bc2 exd4 13.cxd4 Nb4 14.Bb1 c5 15.a3 Nc6
16.d5 Ne7 17.b4 c4 18.Bb2 Ng6 19.Nf1 Nh5 20.Bc2 Nhf4 21.Qd4 Nh4 22.Nxh4 Qxh4
23.Qc3 Rac8 24.Rad1 f5 25.Ng3 fxe4 26.Bxe4 Re5 27.Qf3 Nd3 28.Bxe5 Nxe1 29.Rxe1 dxe5
30.Bf5 Re8 31.Qd1 Kh8 32.Ne4 Qd8 33.Qh5 g6 34.Bxg6 Re7 35.Ng5 Qxd5 36.Be4 Qg8
37.Bxb7 Rxb7 38.Qf3 Rd7 39.Qf5 Re7 40.Re3 h6 41.Ne4 Bg7 42.Rg3 Qe6 43.Qh5 Qf7
44.Qh4 Rd7 45.Qg4 Rd4 46.Rf3 Qd5 47.Qc8+ Qd8 48.Qf5 Rd3 49.Nc5 Rxf3 50.Qxf3 Qd4
51.Ne6 e4 52.Nxd4 exf3 53.Nxf3 Bb2 54.Ne1 Bxa3 55.Nc2 Bb2 56.f4 Bc3 57.Kf2 Kg7
58.g4 Kf6 59.Ke3 Ke6 60.Ke4 Kd6 61.h4 a5 62.bxa5 Bxa5 63.g5 Kc5 64.Nd4 Bc3
65.Ne6+ Kd6 66.Nd4 Bxd4  1/2-1/2

[Event "XV Lasker Mem Open A"]
[Site "Barlinek POL"]
[Date "2007.06.06"]
[Round "5"]
[White "Aliavdin,N"]
[Black "Czerwonski,A"]
[Result "1-0"]
[WhiteElo "2421"]
[BlackElo "2384"]

1.e4 e5 2.Nf3 Nc6 3.Bb5 a6 4.Ba4 Nf6 5.O-O Be7 6.Re1 b5 7.Bb3 d6 8.c3 O-O
9.h3 Bb7 10.d4 Re8 11.Nbd2 Bf8 12.a3 h6 13.Ba2 Nb8 14.Qc2 Nbd7 15.b4 Nb6
16.dxe5 dxe5 17.c4 c5 18.bxc5 Bxc5 19.cxb5 Qc7 20.Nb3 Nxe4 21.Rxe4 Bxf2+
22.Qxf2 Bxe4 23.Be3 Nc4 24.b6 Qc6 25.Rc1 Bxf3 26.Na5 Nxa5 27.Rxc6 Bxc6 28.Bxf7+ Kh8
29.Bxe8 Rxe8 30.Qf7 Nb7 31.Bxh6  1-0

[Event "ch-COL"]
[Site "Cartagena de Indias COL"]
[Date "2007.06.14"]
[Round "2"]
[White "Martinez,Cr"]
[Black "Castro,O"]
[Result "1/2-1/2"]
[WhiteElo "2243"]
[BlackElo "2386"]

1.e4 e5 2.Nf3 Nc6 3.Bb5 a6 4.Ba4 Nf6 5.O-O Be7 6.Re1 b5 7.Bb3 O-O 8.h3 d6
9.c3 Bb7 10.d4 Re8 11.Ng5 Rf8 12.Nf3 h6 13.Nbd2 Re8 14.Nf1 Bf8 15.Ng3 g6
16.a4 Bg7 17.d5 Na5 18.Bc2 c6 19.dxc6 Bxc6 20.axb5 axb5 21.Qe2 d5 22.Rd1 Qe7
23.h4 Rad8 24.Nd2 h5 25.Ndf1 Nxe4 26.Nxe4 dxe4 27.Rxd8 Rxd8 28.Bxe4 Nb3 29.Rb1 Bxe4
30.Qxe4  1/2-1/2

[Event "11th Master Open"]
[Site "Voronezh RUS"]
[Date "2007.06.19"]
[Round "7"]
[White "Demianjuk,A"]
[Black "Kiselev,G"]
[Result "0-1"]
[WhiteElo "2316"]
[BlackElo "2424"]

1.e4 e5 2.Nf3 Nc6 3.Bb5 a6 4.Ba4 Nf6 5.O-O Be7 6.Re1 b5 7.Bb3 d6 8.c3 O-O
9.h3 Bb7 10.d4 Na5 11.Bc2 c5 12.Nbd2 cxd4 13.cxd4 exd4 14.Nxd4 Re8 15.b3 Bf8
16.Bb2 g6 17.b4 Nc6 18.Nxc6 Bxc6 19.Qf3 Bg7 20.Qd3 Qe7 21.a3 Rad8 22.Bd4 Bb7
23.Qc3 Rc8 24.Qb2 Nh5 25.Bxg7 Nxg7 26.Bb3 Nh5 27.g3 Nf6 28.Qd4 h5 29.Re3 Rc7
30.Rae1 Qe5 31.Qb6 Rce7 32.Nf3 Qb2 33.Ng5 Nxe4 34.Nxe4 Bxe4 35.Bd5 Bxd5 36.Rxe7 Rxe7
37.Qd8+ Kg7 38.Qxe7 Qb3 39.Qxd6 Qf3 40.Qe5+ Kh7 41.Kf1 Qg2+ 42.Ke2 Bc4+ 43.Ke3 Qxh3
44.Rd1 Qc8 45.f3 Bb3 46.Rh1 Qc2 47.g4 Bc4 48.Qe4 Qe2+ 49.Kf4 Qd2+ 50.Kg3 Qd6+  0-1

[Event "King's Tournament"]
[Site "Bazna ROM"]
[Date "2007.06.23"]
[Round "8"]
[White "Sokolov,And1"]
[Black "Portisch,L"]
[Result "1/2-1/2"]
[WhiteElo "2584"]
[BlackElo "2512"]

1.e4 e5 2.Nf3 Nc6 3.Bb5 a6 4.Ba4 Nf6 5.O-O Be7 6.Re1 b5 7.Bb3 d6 8.c3 O-O
9.h3 Bb7 10.d3 Nb8 11.Nbd2 Nbd7 12.Nf1 Nc5 13.Bc2 Re8 14.Ng3 Bf8 15.b4 Ncd7
16.a4 d5 17.Bd2 dxe4 18.dxe4 Nb6 19.axb5 axb5 20.Rxa8 Bxa8  1/2-1/2